Lämpimimmät valtiot - Statistics

Yleistilastot
  • Tätä visaa on pelattu 634 kertaa
  • Keskiarvotulos 11 / 20
Vastaustilastot
° C Maanosa Valtio % Oikein
28,0 Afrikka Niger
82%
29,2 Afrikka Mali
73%
28,0 Afrikka Sudan
71%
27,8 Oseania Nauru
66%
28,8 Afrikka Mauritania
64%
28,5 Oseania Tuvalu
63%
28,2 Afrikka Etelä-Sudan
62%
28,0 Oseania Palau
56%
28,8 Afrikka Senegal
55%
28,5 Oseania Kiribati
54%
28,1 Oseania Marshallinsaaret
53%
29,4 Afrikka Burkina Faso
52%
28,7 Afrikka Gambia
51%
28,2 Afrikka Benin
45%
28,1 Aasia Qatar
44%
27,9 Afrikka Guinea-Bissau
42%
28,2 Aasia Yhdistyneet arabiemiraatit
37%
28,8 Afrikka Djibouti
33%
28,2 Aasia Malediivit
31%
27,9 Aasia Brunei
27%
Ehtoja vastaavia visoja ei löytynyt
Tulosjakauma
Jokaisen tuloksen saaneiden osuus
Persentiili vastausten määrän mukaan
Tuloshistoriasi
Et ole pelannut tätä visaa